Arbeitsbuch zu Grundlagen der Mikroökonomik
| Titel: | Arbeitsbuch zu Grundlagen der Mikroökonomik / von Martin Kolmar, Magnus Hoffmann |
|---|---|
| Verfasser: | ; |
| Ausgabe: | 1st ed. 2018 |
| Veröffentlicht: | Berlin, Heidelberg : Springer Berlin Heidelberg, 2018 |
| Umfang: | 1 Online-Ressource (IX, 263 Seiten) : 94 Abb. |
| Format: | E-Book |
| Sprache: | Deutsch |
| RVK-Notation: | |
| Andere Ausgaben: |
Erscheint auch als Druck-Ausgabe: Kolmar, Martin. Arbeitsbuch zu Grundlagen der Mikroökonomik. - Berlin, Heidelberg : Springer Berlin Heidelberg, 2018
|
| ISBN: | 9783662554449 ; 3662554445 ; 978--366255443-2 |
| Hinweise zum Inhalt: |
Inhaltsverzeichnis
Ausführliche Beschreibung |
alg: 42679406 001A $01999:01-03-18 001B $06055:01-12-25 $t03:48:52.000 001D $01999:01-03-18 001U $0utf8 001X $00 002@ $0Oax 002C $aText $btxt $2rdacontent 002D $aComputermedien $bc $2rdamedia 002E $aOnline-Ressource $bcr $2rdacarrier 003@ $0426794060 004A $A978-3-662-55444-9 004A $03-662-55444-5 004E/04 $0SpringerNature-11775 $fSubject Collection Business and Economics (German Language) 004O $A978---366255443-2 $Sp 004P $010.1007/978-3-662-55444-9 $SV815 007A $0426794060 $aHEB 007I $0Springer978-3-662-55444-9 009P $qtext/html $3Inhaltsverzeichnis $uhttp://scans.hebis.de/HEBCGI/show.pl?42679406_toc.html $mX:DE-He213 009P $qtext/html $3Ausführliche Beschreibung $uhttp://scans.hebis.de/HEBCGI/show.pl?42679406_aub.html $mX:DE-He213 009Q $SV815 $uhttps://doi.org/10.1007/978-3-662-55444-9 $xR 010@ $ager 010E $erda 011@ $a2018 013D $RBeispielsammlung $RLehrmittel $#Examensfragen $#Gegenstandskatalog $#Lösungssammlung $#Prüfungsfragen Formschlagwort $#Repetitorium Formschlagwort $#Übungsaufgaben $#Übungsbuch $74143389-0 $8Aufgabensammlung [Ts1] $908556253X 017B $aZDB-2-SWI 021A $aArbeitsbuch zu Grundlagen der Mikroökonomik $hvon Martin Kolmar, Magnus Hoffmann 028A $aKolmar $BVerfasser $dMartin $4aut 028C $aHoffmann $BVerfasser $dMagnus $4aut 032@ $a1st ed. 2018 033A $pBerlin, Heidelberg $nSpringer Berlin Heidelberg 033E $pCham $nSpringer International Publishing AG 034D $a1 Online-Ressource (IX, 263 Seiten) 034M $a94 Abb. 039D $aErscheint auch als $tArbeitsbuch zu Grundlagen der Mikroökonomik $dBerlin, Heidelberg $eSpringer Berlin Heidelberg $f2018 $z978-3-662-55443-2 $lKolmar, Martin $nDruck-Ausgabe 044A $aMicroeconomics $S#0 $N650 044A $aLaw and economics $S#0 $N650 044A $aInternational economic relations $S#0 $N650 044A $aEnvironmental economics $S#0 $N650 044A $aMicroeconomics $S14 $N650 044A $aLaw and Economics $S24 $N650 044A $aInternational Economics $S24 $N650 044A $aEnvironmental Economics $S24 $N650 044K $RWirtschaftstheorie $RVolkswirtschaftslehre $#Microeconomics $#Microéconomie $#Microeconomía $#Mikroökonomik $#Mikroökonomie $#Mikroökonomie $#Mikroökonomik $74039225-9 $8Mikroökonomie [Ts1] $9085106909 045B $a338.5 $eDDC23eng 045B $a330 045Z $8QC 100 [Tkv] $9411124374 lok: 42679406 3 101B $002-03-18 $t07:22:35.000 101C $002-03-18 101U $0utf8 145S/01 $a008 exp: 42679406 3 1 #EPN 201B/01 $002-03-18 $t07:22:35.000 201U/01 $0utf8 203@/01 $01018703047 204P/01 $010.1007/978-3-662-55444-9 $SV815 208@/01 $a01-03-18 $bl 209B/01 $a502 $x05 lok: 42679406 5 exp: 42679406 5 1 #EPN 201B/01 $001-03-18 $t23:43:32.000 201U/01 $0utf8 203@/01 $01018703055 204P/01 $010.1007/978-3-662-55444-9 $SV815 208@/01 $a01-03-18 $bl lok: 42679406 8 exp: 42679406 8 1 #EPN 201B/01 $001-03-18 $t23:06:41.833 201U/01 $0utf8 203@/01 $01018703063 204P/01 $010.1007/978-3-662-55444-9 $SV815 208@/01 $a01-03-18 $bl lok: 42679406 10 exp: 42679406 10 1 #EPN 201B/01 $001-03-18 $t23:06:41.836 201U/01 $0utf8 203@/01 $01018703071 204P/01 $010.1007/978-3-662-55444-9 $SV815 208@/01 $a01-03-18 $bl lok: 42679406 11 exp: 42679406 11 1 #EPN 201B/01 $001-03-18 $t23:06:41.840 201U/01 $0utf8 203@/01 $0101870308X 204P/01 $010.1007/978-3-662-55444-9 $SV815 208@/01 $a01-03-18 $bl lok: 42679406 20 exp: 42679406 20 1 #EPN 201B/01 $001-03-18 $t23:06:41.845 201U/01 $0utf8 203@/01 $01018703098 204P/01 $010.1007/978-3-662-55444-9 $SV815 208@/01 $a01-03-18 $bl lok: 42679406 21 exp: 42679406 21 1 #EPN 201B/01 $001-03-18 $t23:06:41.848 201U/01 $0utf8 203@/01 $01018703101 204P/01 $010.1007/978-3-662-55444-9 $SV815 208@/01 $a01-03-18 $bl lok: 42679406 23 exp: 42679406 23 1 #EPN 201B/01 $001-03-18 $t23:06:41.851 201U/01 $0utf8 203@/01 $0101870311X 204P/01 $010.1007/978-3-662-55444-9 $SV815 208@/01 $a01-03-18 $bl lok: 42679406 25 exp: 42679406 25 1 #EPN 201B/01 $017-07-18 $t18:50:04.000 201U/01 $0utf8 203@/01 $01018703128 204P/01 $010.1007/978-3-662-55444-9 $SV815 208@/01 $a01-03-18 $bl 209A/01 $a000 28B 434-UG $h28B 434-UG $x01 lok: 42679406 49 exp: 42679406 49 1 #EPN 201B/01 $001-03-18 $t23:06:41.859 201U/01 $0utf8 203@/01 $01018703136 204P/01 $010.1007/978-3-662-55444-9 $SV815 208@/01 $a01-03-18 $bl lok: 42679406 204 exp: 42679406 204 1 #EPN 201B/01 $001-03-18 $t23:06:41.862 201U/01 $0utf8 203@/01 $01018703144 204P/01 $010.1007/978-3-662-55444-9 $SV815 208@/01 $a01-03-18 $bl lok: 42679406 205 exp: 42679406 205 1 #EPN 201B/01 $026-04-18 $t10:09:53.000 201U/01 $0utf8 203@/01 $01018703152 204P/01 $010.1007/978-3-662-55444-9 $SV815 208@/01 $a01-03-18 $bla 209B/01 $aebo $x05 209B/01 $aspw $x06 209C/01 $anel1804qa
| LEADER | 00000cam a22000002c 4500 | ||
|---|---|---|---|
| 001 | 426794060 | ||
| 003 | DE-603 | ||
| 005 | 20251201034852.0 | ||
| 007 | cr|||||||||||| | ||
| 008 | 180301s2018 xx |||| o| u00||u|ger c | ||
| 020 | |a 9783662554449 | ||
| 020 | |a 3662554445 | ||
| 024 | 7 | |a 10.1007/978-3-662-55444-9 |2 doi | |
| 028 | 5 | 2 | |a SpringerNature-11775 |
| 035 | |a (DE-599)HEB426794060 | ||
| 040 | |a DE-603 |b ger |c DE-603 |d DE-603 |e rda | ||
| 041 | |a ger | ||
| 082 | 7 | |a 338.5 |2 23/eng | |
| 083 | 7 | |a 330 | |
| 084 | |a QC 100 |0 (DE-625)141244: |0 (DE-603)411124374 |2 rvk | ||
| 100 | 1 | |a Kolmar, Martin |e Verfasser |4 aut | |
| 245 | 0 | 0 | |a Arbeitsbuch zu Grundlagen der Mikroökonomik |c von Martin Kolmar, Magnus Hoffmann |
| 250 | |a 1st ed. 2018 | ||
| 264 | 1 | |a Berlin, Heidelberg |b Springer Berlin Heidelberg |c 2018 | |
| 264 | 2 | |a Cham |b Springer International Publishing AG | |
| 300 | |a 1 Online-Ressource (IX, 263 Seiten) |b 94 Abb. | ||
| 336 | |a Text |b txt |2 rdacontent | ||
| 337 | |a Computermedien |b c |2 rdamedia | ||
| 338 | |a Online-Ressource |b cr |2 rdacarrier | ||
| 650 | 7 | |a Mikroökonomie |0 (DE-588)4039225-9 |0 (DE-603)085106909 |2 gnd | |
| 655 | 7 | |a Aufgabensammlung |2 gnd-content |0 (DE-588)4143389-0 |0 (DE-603)08556253X | |
| 700 | 1 | |a Hoffmann, Magnus |e Verfasser |4 aut | |
| 776 | 0 | 8 | |i Erscheint auch als |n Druck-Ausgabe |a Kolmar, Martin |t Arbeitsbuch zu Grundlagen der Mikroökonomik |d Berlin, Heidelberg : Springer Berlin Heidelberg, 2018 |z 9783662554432 |
| 776 | 1 | |z 978--366255443-2 | |
| 856 | |u https://doi.org/10.1007/978-3-662-55444-9 |x Resolving-System | ||
| 856 | 4 | 2 | |m X:DE-He213 |q text/html |u http://scans.hebis.de/HEBCGI/show.pl?42679406_toc.html |3 Inhaltsverzeichnis |
| 856 | 4 | 2 | |m X:DE-He213 |q text/html |u http://scans.hebis.de/HEBCGI/show.pl?42679406_aub.html |3 Ausführliche Beschreibung |
| 912 | |a ZDB-2-SWI | ||
| 924 | 1 | |9 603 |a (DE-603)1018703047 |b DE-603 |c HES |d d | |
| 924 | 1 | |9 603 |a (DE-603)1018703055 |b DE-603 |c HES |d d | |
| 924 | 1 | |9 603 |a (DE-603)1018703063 |b DE-603 |c HES |d d | |
| 924 | 1 | |9 603 |a (DE-603)1018703071 |b DE-603 |c HES |d d | |
| 924 | 1 | |9 603 |a (DE-603)101870308X |b DE-603 |c HES |d d | |
| 924 | 1 | |9 603 |a (DE-603)1018703098 |b DE-603 |c HES |d d | |
| 924 | 1 | |9 603 |a (DE-603)1018703101 |b DE-603 |c HES |d d | |
| 924 | 1 | |9 603 |a (DE-603)101870311X |b DE-603 |c HES |d d | |
| 924 | 1 | |9 603 |a (DE-603)1018703128 |b DE-603 |c HES |d d | |
| 924 | 1 | |9 603 |a (DE-603)1018703136 |b DE-603 |c HES |d d | |
| 924 | 1 | |9 603 |a (DE-603)1018703144 |b DE-603 |c HES |d d | |
| 924 | 1 | |9 603 |a (DE-603)1018703152 |b DE-603 |c HES |d d | |